Catálogo
 En Linea

Cultura y educación : (Registro nro. 43711)

Detalles MARC
000 -CABECERA
campo de control de longitud fija 00889nam a2200241 a 4500
001 - NÚMERO DE CONTROL
campo de control 000044222
005 - FECHA Y HORA DE LA ÚLTIMA TRANSACCIÓN
campo de control 20201002045227.0
008 - DATOS DE LONGITUD FIJA--INFORMACIÓN GENERAL
campo de control de longitud fija 140610s2006 cl 000 0 spa d
020 ## - NÚMERO INTERNACIONAL ESTÁNDAR DEL LIBRO
Número Internacional Estándar del Libro 9789582008666
040 ## - FUENTE DE LA CATALOGACIÓN
Centro catalogador/agencia de origen DO-SdBNP
Lengua de catalogación spa
Centro/agencia transcriptor BNPHU
082 ## - NÚMERO DE LA CLASIFICACIÓN DECIMAL DEWEY
Número de clasificación xxxxxx
Número de documento/Ítem xxxxxx
100 1# - ENTRADA PRINCIPAL--NOMBRE DE PERSONA
Nombre de persona Guadarrama González, Pablo,
Fechas asociadas al nombre 1949-
9 (RLIN) 72224
245 10 - MENCIÓN DE TÍTULO
Título Cultura y educación :
Resto del título en tiempos de globalización posmoderna /
Mención de responsabilidad, etc. Pablo Guadarrama González ; dirección general Alfredo Ayarza Bastidas ; prólogo Omar Muñoz.
250 ## - MENCIÓN DE EDICIÓN
Mención de edición 2a ed.
260 ## - PUBLICACIÓN, DISTRIBUCIÓN, ETC.
Lugar de publicación, distribución, etc. Bogotá, :
Nombre del editor, distribuidor, etc. Magisterio,
Fecha de publicación, distribución, etc. 2006.
300 ## - DESCRIPCIÓN FÍSICA
Extensión 224 p. ;
Dimensiones 21 cm.
490 1# - MENCIÓN DE SERIE
Mención de serie Mesa redonda
504 ## - NOTA DE BIBLIOGRAFÍA, ETC.
Nota de bibliografía, etc. Incluye referencias bibliográficas y notas al pie de las páginas
504 ## - NOTA DE BIBLIOGRAFÍA, ETC.
Nota de bibliografía, etc. Bibliografías : p. 205-216
700 1# - PUNTO DE ACCESO ADICIONAL--NOMBRE DE PERSONA
Nombre de persona Ayarza Bastidas, Alfredo,
Término indicativo de función/relación dir.
9 (RLIN) 72227
700 1# - PUNTO DE ACCESO ADICIONAL--NOMBRE DE PERSONA
Nombre de persona Muñoz, Omar,
Término indicativo de función/relación pról.
9 (RLIN) 72228
830 #0 - PUNTO DE ACCESO ADICIONAL DE SERIE-TÍTULO UNIFORME
Título uniforme Mesa redonda
9 (RLIN) 8765
Existencias
Estado de retiro Estado de pérdida Restricciones de uso No para préstamo Código de colección Localización permanente Ubicación/localización actual Ubicación en estantería Fecha de adquisición Número de inventario Total de préstamos Signatura topográfica completa Código de barras Fecha visto por última vez Precio válido a partir de Tipo de ítem Koha
      Excluido de préstamo Monografías: Libros y Folletos General General Depósito 10.06.2014 LF1   xxxxxx xxxxxx 44222-10 25.06.2020 25.06.2020 No se presta

Con tecnología Koha